[Event "27th CRO-chT 1B-Men 2018"]
[Site "Biograd"]
[Date "2018.09.22"]
[Round "8.19"]
[White "Pap, Misa"]
[Black "Medvegy, Zoltan"]
[Result "1/2-1/2"]
[WhiteElo "2482"]
[BlackElo "2543"]
[Annotator "TA"]
[PlyCount "25"]
[EventDate "2018.09.15"]
[EventType "team-tourn"]
[EventCountry "CRO"]
[SourceTitle "playchess.com"]
[Source "ChessBase"]
[SourceQuality "1"]

{[%evp 24,25,37,10]} 1. e4 c5 2. Nf3 Nc6 3. d4 cxd4 4. Nxd4 Nf6 5. Nc3 e5 6. Ndb5 {[%cal Bd4b5,Bb5a3,Ba3c2][%mdl 32]} d6 7. Bg5 a6 8. Na3 b5 9. Nd5 Be7 10. Bxf6 Bxf6 11. c3 Bb7 12. Nc2 Nb8 13. Be2 $146 {LiveBook: 6 Games. B33: Sicilian: Pelikan and Sveshnikov Variations} ({Predecessor:} 13. a4 bxa4 14. Nce3 Nd7 15. Nxf6+ Qxf6 16. Qxa4 Qd8 17. Nf5 O-O 18. Nxd6 Rb8 19. Qa3 Qc7 20. Bc4 Bxe4 21. O-O Ba8 {1-0 (34) Iordachescu,V (2627)-Timoshenko,G (2562) Tusnad 2004}) 1/2-1/2

[Event "27th CRO-chT 1B-Men 2018"]
[Site "Biograd"]
[Date "2018.09.22"]
[Round "8.20"]
[White "Bilobrk, Franjo"]
[Black "Nikcevic, Nebojsa"]
[Result "1/2-1/2"]
[WhiteElo "2360"]
[BlackElo "2428"]
[Annotator "TA"]
[PlyCount "26"]
[EventDate "2018.09.15"]
[EventType "team-tourn"]
[EventCountry "CRO"]
[SourceTitle "playchess.com"]
[Source "ChessBase"]
[SourceQuality "1"]

{[%evp 13,14,12,0]} 1. c4 c6 2. Nf3 d5 3. e3 Nf6 4. Nc3 a6 5. b3 Bg4 6. Be2 {A11: English Opening: 1...c6} e6 7. Bb2 Nbd7 {LiveBook: 37 Games} {Predecessor:} 8. h3 $146 Bxf3 9. Bxf3 Bd6 10. d4 b5 11. O-O O-O 12. Re1 Rb8 13. Rb1 Re8 {1-0 (32) Andreikin,D (2689)-Istratescu,A (2633) Plovdiv 2012} 1/2-1/2

[Event "27th CRO-chT 1B-Men 2018"]
[Site "Biograd"]
[Date "2018.09.22"]
[Round "8.21"]
[White "Matkovic, Tonci"]
[Black "Sinanovic, Muhamed"]
[Result "1/2-1/2"]
[WhiteElo "2274"]
[BlackElo "2339"]
[Annotator "TA"]
[PlyCount "37"]
[EventDate "2018.09.15"]
[EventType "team-tourn"]
[EventCountry "CRO"]
[SourceTitle "playchess.com"]
[Source "ChessBase"]
[SourceQuality "1"]

{[%evp 19,20,23,10]} 1. e4 c5 2. Nf3 Nc6 3. d4 cxd4 4. Nxd4 Nf6 5. Nc3 e5 6. Ndb5 d6 7. Bg5 a6 8. Na3 b5 9. Nd5 Be7 10. Bxf6 Bxf6 {LiveBook: 6348 Games} {Predecessor:} 11. c4 $146 b4 12. Nc2 O-O 13. g3 Bg5 14. Bg2 a5 15. O-O Ne7 16. Nce3 Bxe3 17. Nxe3 Be6 18. Rc1 Nc6 19. Nf5 {1-0 (54) Harikrishna,P (2744)-Yu,Y (2751) Huaian 2017} 1/2-1/2

[Event "27th CRO-chT 1B-Men 2018"]
[Site "Biograd"]
[Date "2018.09.22"]
[Round "8.22"]
[White "Biliskov, Vjekoslav"]
[Black "Vlaic, Branko"]
[Result "1/2-1/2"]
[WhiteElo "2292"]
[BlackElo "2246"]
[Annotator "TA"]
[PlyCount "16"]
[EventDate "2018.09.15"]
[EventType "team-tourn"]
[EventCountry "CRO"]
[SourceTitle "playchess.com"]
[Source "ChessBase"]
[SourceQuality "1"]

{[%evp 14,16,11,-6,27]} 1. c4 Nf6 2. Nc3 g6 3. Nf3 Bg7 4. g3 O-O 5. Bg2 d6 6. O-O e5 7. d3 Nc6 8. Rb1 {LiveBook: 1348 Partien} Nb8 $146 {A26: Englische Eröffnung (Sizilianisch im Anzug)} ({Vorgänger:} 8... a5 9. a3 Re8 10. Nd2 Be6 11. Nd5 Qd7 12. Nxf6+ Bxf6 13. Ne4 Bg7 14. Bh6 Bh3 15. Bxg7 Kxg7 16. e3 Bxg2 17. Kxg2 a4 18. Nc3 Nd8 {0-1 (65) Iturrizaga Bonelli,E (2650)-Mamedyarov,S (2804) chess.com INT 2018}) 1/2-1/2

[Event "27th CRO-chT 1B-Men 2018"]
[Site "Biograd"]
[Date "2018.09.22"]
[Round "8.24"]
[White "Jusic, Zdenko"]
[Black "Viskic, Pavisa"]
[Result "1/2-1/2"]
[WhiteElo "2261"]
[BlackElo "2176"]
[Annotator "TA"]
[PlyCount "35"]
[EventDate "2018.09.15"]
[EventType "team-tourn"]
[EventCountry "CRO"]
[SourceTitle "playchess.com"]
[Source "ChessBase"]
[SourceQuality "1"]

{[%evp 15,16,41,33]} 1. e4 {[%cal Be2e4,Be4e5][%mdl 32]} Nf6 2. e5 Nd5 3. d4 d6 4. c4 Nb6 5. exd6 exd6 6. Nc3 Be7 7. Nf3 Bg4 8. Be2 O-O {LiveBook: 54 Games} {Predecessor:} 9. O-O $146 Nc6 10. d5 Bxf3 11. Bxf3 Ne5 12. b3 Bf6 13. Bb2 Nxf3+ 14. Qxf3 a5 15. Rab1 a4 16. Nb5 Bxb2 17. Rxb2 axb3 18. axb3 {1-0 (36) Dvoirys,S (2520)-Bortnyk,O (2585) Jerusalem 2016} 1/2-1/2

[Event "27th CRO-chT 1B-Men 2018"]
[Site "Biograd"]
[Date "2018.09.22"]
[Round "8.25"]
[White "Brkic, Ante"]
[Black "Saric, Ante"]
[Result "1/2-1/2"]
[WhiteElo "2565"]
[BlackElo "2535"]
[Annotator "TA"]
[PlyCount "23"]
[EventDate "2018.09.15"]
[EventType "team-tourn"]
[EventCountry "CRO"]
[SourceTitle "playchess.com"]
[Source "ChessBase"]
[SourceQuality "1"]

{[%evp 21,23,-14,13,-29]} 1. e4 c5 2. Nf3 Nc6 3. Bb5 d6 4. O-O Bd7 5. c3 Nf6 6. Re1 a6 7. Bf1 Bg4 8. h3 Bh5 9. d3 e6 10. Nbd2 Be7 11. a3 O-O {LiveBook: 15 Games. B51: Sicilian: Moscow Variation (3 Bb5+) without 3...Bd7} (11... d5 12. b3 O-O 13. Bb2 b5 14. Qc2 Qb6 15. exd5 Nxd5 16. c4 Nf6 17. Ne5 Nxe5 18. Bxe5 Nd7 19. Bb2 {0-1 (62) Milov,L (2504)-Feller,S (2597) Schifflange 2017}) 12. g3 $146 ({Predecessor:} 12. g4 Bg6 13. Nh4 Ne8 14. Ng2 Nc7 15. f4 f5 16. Nf3 d5 17. e5 d4 18. c4 b5 19. b3 {0-1 (59) Villavicencio Martinez,A (2341)-Fernandez Garcia,J (2432) Santa Cruz de Tenerife 2018}) 1/2-1/2

[Event "27th CRO-chT 1B-Men 2018"]
[Site "Biograd"]
[Date "2018.09.22"]
[Round "8.26"]
[White "Galyas, Miklos"]
[Black "Kadric, Denis"]
[Result "1/2-1/2"]
[WhiteElo "2512"]
[BlackElo "2543"]
[Annotator "TA"]
[PlyCount "30"]
[EventDate "2018.09.15"]
[EventType "team-tourn"]
[EventCountry "CRO"]
[SourceTitle "playchess.com"]
[Source "ChessBase"]
[SourceQuality "1"]

{[%evp 21,22,0,0]} 1. d4 d5 2. c4 c6 3. cxd5 cxd5 4. Bf4 Nc6 5. e3 Nf6 6. Nc3 Bf5 7. Bd3 Bxd3 8. Qxd3 e6 9. Nf3 Bd6 10. Bxd6 Qxd6 11. O-O O-O {LiveBook: 1408 Games} {Predecessor:} 12. Rfc1 $146 Rfc8 13. h3 h6 14. Nd2 Nd7 15. Ne2 Ne7 {½-½ (15) Bu,X (2725)-Duda,J (2724) Liaocheng 2018} 1/2-1/2

[Event "27th CRO-chT 1B-Men 2018"]
[Site "Biograd"]
[Date "2018.09.22"]
[Round "8.27"]
[White "Maier, Christian"]
[Black "Saric, Ibro"]
[Result "0-1"]
[WhiteElo "2357"]
[BlackElo "2546"]
[Annotator "TA"]
[PlyCount "124"]
[EventDate "2018.09.15"]
[EventType "team-tourn"]
[EventCountry "CRO"]
[SourceTitle "playchess.com"]
[Source "ChessBase"]
[SourceQuality "1"]

{[%evp 13,124,-25,-29,-19,-18,-39,-28,-25,-21,-94,-94,-103,-78,-77,-65,-116,-97,-102,-78,-79,-81,-113,-73,-83,-85,-126,-126,-154,-100,-85,-90,-89,-89,-89,-87,-87,-87,-87,-87,-93,-65,-78,-40,-47,-33,-105,-104,-115,-108,-103,-80,-81,-96,-108,-83,-120,-85,-95,-86,-112,-110,-111,-104,-122,-122,-168,-88,-124,-137,-174,-175,-234,-266,-283,-283,-283,-283,-281,-274,-565,-566,-579,-558,-529,-460,-518,-518,-522,-500,-522,-518,-512,-465,-505,-506,-493,-328,-466,-427,-843,-819,-851,-851,-993,-933,-1241,-1215,-1837,-1808,-1708,-1621,-29986,-29987]} 1. e4 c5 2. Nf3 e6 3. g3 Nc6 4. Bg2 d5 5. Nc3 d4 6. Ne2 {B40: Sicilian: 2...e6, Unusual lines} e5 (6... Bd6 7. O-O Nge7 8. d3 O-O 9. Nh4 e5 10. f4 f6 11. f5 Bd7 12. g4 g5 13. fxg6 hxg6 {1-0 (33) Shabalov,A (2563)-Smirin,I (2669) London 2016}) 7. d3 f6 {LiveBook: 3 Games} 8. O-O {Black has an edge.} Be6 9. Nh4 Qd7 10. f4 O-O-O $146 ({Predecessor:} 10... Bd6 11. c4 Nge7 12. Bd2 O-O 13. f5 Bf7 {1-0 (37) Mista,A (2406)-Cascudo Pueyo,I (2133) Aviles 2001}) 11. f5 (11. a3 $11) 11... Bf7 $17 12. Bh3 c4 13. Bd2 Kb8 14. Nf3 (14. Nc1 $1 $15) 14... Nge7 15. g4 h6 16. Ng3 Nc8 17. Rf2 {[#]} c3 $1 {[%mdl 512]} 18. bxc3 dxc3 19. Be3 Ba3 $1 20. Rb1 {[#]} Bb2 (20... Qc7 $142 $1 21. Qe1 Qa5) 21. Rxb2 cxb2 22. Qb1 Qe7 (22... Nb6 {feels hotter.} 23. Qxb2 Qd6 24. Bf1 Na4 25. Qc1 Qb4) 23. Qxb2 Qb4 24. Qxb4 Nxb4 25. a3 Nc6 26. Bf1 Nd6 27. c4 Kc7 28. Rb2 Nc8 {[%cal Bd6c8,Bc8b6,Bb6a4,Ba4c5][%mdl 32]} 29. Kf2 (29. c5 $15) 29... Nb6 30. Be2 Na4 31. Rd2 b6 32. Bd1 Nc5 33. Bc2 Rd7 34. Ke2 Na5 35. h4 Rhd8 36. g5 hxg5 37. hxg5 Rh8 38. g6 Be8 39. Bf2 Rh3 (39... Rd8 $19 40. Nf1 Nab3) 40. Rd1 Rd8 41. Ng1 Rh8 {aiming for ...Ba4.} 42. Nf3 {[#]} (42. Rd2 $142) 42... Ba4 $1 $19 {[%cal Ra4c2]} 43. Bxa4 Nxa4 44. Rc1 Nb3 45. Rc2 Nac5 46. d4 $2 (46. Ne1) 46... exd4 {[%cal Be5d4,Bd4d3][%mdl 32] And now ...d3+ would win.} 47. Rb2 d3+ 48. Ke3 Rhe8 49. Nd2 Nxd2 50. Rxd2 Rd7 51. Kf3 Nb3 52. Rd1 d2 53. Be3 Kc6 54. Nh5 Rh8 55. Kg4 (55. Nf4 $142) 55... Re7 56. Nxg7 (56. Ng3 $142) 56... Rxg7 57. e5 fxe5 58. Kg5 Rh2 59. Kf6 Rd7 60. Kxe5 Re2 61. Kf4 Re1 62. Rxd2 Nxd2 {Precision: White = 39%, Black = 65%.} 0-1

[Event "27th CRO-chT 1B-Men 2018"]
[Site "Biograd"]
[Date "2018.09.22"]
[Round "8.28"]
[White "Plenca, Julijan"]
[Black "Stocko, Josip"]
[Result "1-0"]
[WhiteElo "2417"]
[BlackElo "2322"]
[Annotator "TA"]
[PlyCount "67"]
[EventDate "2018.09.15"]
[EventType "team-tourn"]
[EventCountry "CRO"]
[SourceTitle "playchess.com"]
[Source "ChessBase"]
[SourceQuality "1"]

{[%evp 20,67,29,27,118,121,206,210,218,197,234,238,250,197,380,292,493,487,526,453,362,459,445,432,533,494,497,474,546,235,225,222,213,207,306,315,279,0,22,20,0,0,49,40,443,436,719,509,486,481]} 1. e4 c5 2. Nf3 d6 3. d4 cxd4 4. Nxd4 Nf6 5. Nc3 a6 6. Bg5 e6 7. f4 h6 8. Bh4 Be7 9. Qf3 Qc7 10. O-O-O Nbd7 11. Bd3 {LiveBook: 299 Games} O-O {B99: Sicilian Najdorf: 6 Bg5 e6 7 f4 Be7 8 Qf3 Qc7 9 0-0-0 Nbd7} (11... g5 $11 {remains equal.} 12. fxg5 Ne5) (11... g5 12. fxg5 Ne5 13. Qe2 Nfg4 14. Nf3 hxg5 15. Bg3 Bd7 16. h3 Nxf3 17. hxg4 Rxh1 18. Rxh1 Nh4 19. Qf1 Qa5 20. Be1 Qc5 21. Bf2 Qa5 22. Bd4 e5 23. Be3 Rc8 {1-0 (36) Savchenko,B (2567)-Lu,S (2615) Olongapo City 2015}) 12. g4 $1 $16 b5 (12... g6 $16 {was called for.}) 13. Rhg1 {[%cal Bh1g1,Bg1g5,Bg5h5,Bh5h6][%mdl 32]} b4 {White is clearly better.} 14. Nce2 Nc5 15. g5 hxg5 16. Rxg5 (16. fxg5 Nfd7 $15) 16... Ne8 $146 (16... g6) ({Predecessor:} 16... g6 17. Qg2 Nh7 18. Rg4 {1-0 (50) Turicnik,V (2314)-Matei,C (2183) ICCF email 2006}) 17. Rh5 $18 {Strongly threatening Bxe7.} Nxd3+ $2 (17... e5 {is a better defense.}) 18. Qxd3 {Bxe7 is the strong threat.} ({Not} 18. Rxd3 g6 $16) 18... g6 19. Rh6 Bxh4 20. Rxh4 Kg7 21. f5 Rh8 22. Rxh8 Kxh8 23. fxg6 e5 24. Nf5 (24. Rf1 $142 f6 25. Nf5) 24... fxg6 25. Rg1 $1 ({Much less strong is} 25. Nxd6 $6 Nxd6 26. Qxd6 Qxd6 $16) 25... gxf5 {[%cal Bg6f5,Bf5f4,Bf4f3][%mdl 32]} 26. Qd5 $40 {[%csl Gg1][%cal Rd5g8][%mdl 128] Black is in trouble.} Nf6 (26... Ng7 {might work better.} 27. Qxa8 f4) 27. Qxa8 {And now Rg6 would win.} Kh7 {[#] intending ...f4.} 28. Ng3 $2 ({White has to play} 28. exf5 $1 $18 Bxf5 29. Kb1) 28... Qc5 $11 29. Rd1 f4 30. Nf5 f3 $1 ({Wrong is} 30... d5 $2 {[#]} 31. Nd6 $1 $18 {[%mdl 512]}) 31. Ng3 Ng4 $2 {[%mdl 8192]} (31... Kg7 $14) 32. Qd5 $18 {White is clearly winning.} Ne3 (32... Qxd5 $142 33. Rxd5 f2 34. Rxd6 Nxh2) 33. Qxc5 dxc5 34. Rd3 {Precision: White = 78%, Black = 35%.} 1-0

[Event "27th CRO-chT 1B-Men 2018"]
[Site "Biograd"]
[Date "2018.09.22"]
[Round "8.29"]
[White "Pucovski, Miroslav"]
[Black "Bobanac, Miro"]
[Result "0-1"]
[WhiteElo "2241"]
[BlackElo "2288"]
[Annotator "TA"]
[PlyCount "100"]
[EventDate "2018.09.15"]
[EventType "team-tourn"]
[EventCountry "CRO"]
[SourceTitle "playchess.com"]
[Source "ChessBase"]
[SourceQuality "1"]

{[%evp 25,100,-23,-16,-27,0,-25,-14,-29,-14,-10,-6,-7,0,-31,0,-18,-38,-20,-27,-29,-22,-38,-33,-189,-195,-190,-197,-212,-147,-147,-147,-185,-147,-139,-136,-172,-166,-243,-237,-335,-335,-575,-514,-644,-636,-546,0,-451,-422,-471,-393,-378,-369,-379,-379,-514,-434,-490,-626,-568,-516,-627,-83,-239,-239,-463,-539,-1230,-984,-29984,-29985,-29986,-29987,-29987,-29988,-29988,-29989]} 1. e4 c5 2. c3 Nf6 3. e5 Nd5 4. Bc4 e6 5. d4 d6 6. Nf3 cxd4 7. cxd4 Be7 8. O-O O-O 9. Nc3 Nxc3 10. bxc3 dxe5 {B22: Sizilianisch (Alapin 2.c3)} 11. Nxe5 Nc6 12. Nf3 b6 13. Qe2 Bb7 {LiveBook: 5 Partien} 14. Re1 $146 ({Vorgänger:} 14. Bd3 Rc8 15. Qe4 g6 16. Bh6 Re8 17. Qg4 f5 18. Qg3 Bd6 19. Bf4 Bxf4 20. Qxf4 {0-1 (65) Puranik,A (2328)-Forcen Esteban,D (2539) Sitges 2015}) 14... Bf6 15. Bd3 Rc8 16. Nd2 Ne7 17. Ne4 Bxe4 18. Qxe4 {[%csl Gd3][%cal Re4h7]} g6 19. Bh6 Bg7 20. Bxg7 Kxg7 21. Rac1 Qd5 22. Qe2 Rfd8 23. Red1 Qg5 24. Be4 $2 {[#]} ({Günstiger ist} 24. Rc2 $15) 24... Rxd4 $1 $19 {[%mdl 512]} 25. cxd4 Rxc1 26. g3 Rxd1+ 27. Qxd1 Qa5 28. Qa1 {beabsichtigt d5+.} Nd5 29. Bxd5 Qxd5 $17 {[%mdl 4096] Endspiel KD-KD} 30. Qb2 b5 31. a3 {[#]} (31. Qc3 $142) 31... a5 $1 $19 32. h4 (32. Qc3 {ist eine bessere Verteidigung.}) 32... h5 33. Qc3 $2 (33. Kf1) 33... a4 34. Qe3 Kg8 35. Qf4 Kg7 36. Qe3 $1 Kf8 37. Qf4 Qc6 38. Qb8+ Ke7 39. Qe5 Qc1+ 40. Kh2 Qxa3 41. Qxb5 Qb3 42. Qc5+ Kd7 43. Qa7+ Kc6 $2 (43... Ke8 $19 {bietet bessere Gewinnchancen.} 44. Qa8+ Ke7) 44. Qxf7 $2 (44. Qc5+ $17 {einziger Zug.} Kd7 45. Qf8) 44... a3 45. Qxg6 $2 (45. Qe8+ Kd5 46. Qxg6) 45... a2 46. d5+ Kc5 47. dxe6 {[#]} a1=Q $1 {Schwarz setzt Matt.} 48. e7 Qd5 {[%csl Ga1][%cal Rd5h1]} 49. Qc2+ Kb4 {[%csl Ga1][%cal Rd5h1]} 50. f3 Qaa2 {Precision: Weiß = 28%, Schwarz = 70%.} 0-1

[Event "27th CRO-chT 1B-Men 2018"]
[Site "Biograd"]
[Date "2018.09.22"]
[Round "8.30"]
[White "Brulic, Denis"]
[Black "Bubalovic, Davorin"]
[Result "1/2-1/2"]
[WhiteElo "2232"]
[BlackElo "2206"]
[Annotator "NA"]
[PlyCount "51"]
[EventDate "2018.09.15"]
[EventType "team-tourn"]
[EventCountry "CRO"]
[SourceTitle "playchess.com"]
[Source "ChessBase"]
[SourceQuality "1"]
[TimeControl "40/5400+30:1800+30"]

{[%evp 8,44,42,3,52,36,31,37,39,39,54,39,60,29,47,39,60,54,56,26,32767,47,60,64,100,38,46,1,15,14,93,16,24,0,0,0,0,0,0]} 1. Nf3 {[%emt 0:00:30]} g6 {[%emt 0:00:30]} 2. g3 {[%emt 0:04:30]} Bg7 {[%emt 0:00:00]} 3. Bg2 {[%emt 0:00:00]} d6 {[%emt 0:01:00]} 4. d4 {[%emt 0:01:00]} c5 {[%emt 0:00:30]} 5. O-O {[%emt 0:02:30]} Na6 {[%emt 0:01:30]} 6. b3 {[%emt 0:04:30]} Nf6 {[%emt 0:03:30]} 7. Bb2 {[%emt 0:00:30]} O-O {[%emt 0:00:00]} 8. c4 {[%emt 0:01:30]} Rb8 {[%emt 0:02:00]} 9. Nc3 {[%emt 0:00:30]} Bd7 {[%emt 0:03:30] LiveBook: 8 Games} 10. e4 {[%emt 0:11:30] E65: King's Indian: Fianchetto: 6...c5 7 0-0 without d5 by White} cxd4 {[%emt 0:01:30]} 11. Nxd4 {[%emt 0:00:30]} ({Reject} 11. Qxd4 Nc5 $11) 11... Nc5 {[%emt 0:00:30]} 12. Qe2 {[%emt 0:07:30]} Ne6 $146 {[%emt 0:07:30]} ({Predecessor:} 12... a6 13. Rfd1 Qa5 14. Nc2 Ne6 15. Ne3 b5 16. Ncd5 Nxd5 17. Nxd5 Rfe8 18. Bxg7 Kxg7 {0-1 (57) Sysala,S (2195)-Obsivac,J (2385) Frydek Mistek 1997}) 13. Qd2 {[%emt 0:07:30]} Qa5 {[%emt 0:10:30]} 14. Nxe6 {[%emt 0:11:30]} Bxe6 {[%emt 0:01:30]} 15. Rad1 {[%emt 0:01:30]} Rfe8 {[%emt 0:06:30]} 16. Rfe1 {[%emt 0:00:00]} a6 {[%emt 0:07:30]} 17. a3 {[%emt 0:10:00]} Qb6 {[%emt 0:05:30]} 18. Qc2 {[%emt 0:00:30]} Qc5 {[%emt 0:01:30] [#]} (18... Nd7 $11) 19. Nd5 {[%emt 0:05:30]} (19. e5 $1 $16 {[%cal Re5f6]} dxe5 20. Na4) 19... Nxd5 {[%emt 0:03:30]} 20. Bxg7 {[%emt 0:02:30]} Ne3 {[%emt 0:03:30]} 21. Rxe3 {[%emt 0:00:30]} Kxg7 {[%emt 0:00:00]} 22. Qb2+ {[%emt 0:01:30]} f6 $11 {[%emt 0:00:00]} 23. Rc3 {[%emt 0:00:30]} Rec8 {[%emt 0:01:30]} 24. b4 {[%emt 0:01:30]} Qh5 {[%emt 0:00:30]} 25. Rdc1 {[%emt 0:01:30]} b6 {[%emt 0:02:30]} 26. Qd2 {[%emt 0:01:30]} 1/2-1/2

[Event "27th CRO-chT 1B-Men 2018"]
[Site "Biograd"]
[Date "2018.09.24"]
[Round "9.2"]
[White "Nemeth, Miklos"]
[Black "Galyas, Miklos"]
[Result "1/2-1/2"]
[WhiteElo "2477"]
[BlackElo "2512"]
[Annotator "TA"]
[PlyCount "28"]
[EventDate "2018.09.15"]
[EventType "team-tourn"]
[EventCountry "CRO"]
[SourceTitle "playchess.com"]
[Source "ChessBase"]
[SourceQuality "1"]

{[%evp 18,19,19,13]} 1. e4 e5 2. Nf3 Nf6 3. Nxe5 d6 4. Nf3 Nxe4 5. Qe2 Qe7 6. d3 Nf6 7. Bg5 Qxe2+ 8. Bxe2 Nbd7 9. Nc3 h6 10. Be3 {LiveBook: 7 Games. C42: Petroff Defence: 3 Nxe5 and unusual White 3rd moves} {Predecessor:} a6 $146 11. Ne4 Be7 12. O-O O-O 13. Nxf6+ Bxf6 14. c3 Re8 {½-½ (14) Savchenko,B (2610)-Motylev,A (2655) Moscow 2016} 1/2-1/2

[Event "27th CRO-chT 1B-Men 2018"]
[Site "Biograd"]
[Date "2018.09.24"]
[Round "9.3"]
[White "Saric, Ibro"]
[Black "Krstic, Uros"]
[Result "1-0"]
[WhiteElo "2546"]
[BlackElo "2364"]
[Annotator "TA"]
[PlyCount "129"]
[EventDate "2018.09.15"]
[EventType "team-tourn"]
[EventCountry "CRO"]
[SourceTitle "playchess.com"]
[Source "ChessBase"]
[SourceQuality "1"]

{[%evp 18,129,17,20,41,27,34,29,37,9,13,15,26,0,27,25,25,25,26,25,35,25,53,62,96,85,88,88,114,97,158,158,149,137,211,208,208,204,191,159,245,171,183,173,187,165,129,0,82,0,38,34,27,28,31,0,400,140,681,666,881,179,176,153,161,110,129,110,103,108,92,61,222,167,238,238,228,227,232,224,250,250,250,250,250,250,250,250,250,250,368,366,566,539,402,260,241,252,241,229,179,155,375,363,617,610,587,538,29973,29975,29975,29976,29977,29978]} 1. e4 c6 2. d4 d5 3. e5 c5 4. dxc5 e6 5. Nf3 Bxc5 6. Bd3 {B12: Caro-Kann: Advance Variation} Nc6 (6... Ne7 7. O-O Ng6 8. a3 O-O 9. Nbd2 Nc6 10. b4 Bb6 11. Bb2 Nf4 12. Nb3 a5 13. Qd2 Nxd3 14. cxd3 {½-½ (38) Vitiugov,N (2735)-Anand,V (2776) Karlsruhe/Baden-Baden 2018}) 7. O-O Nge7 8. Nbd2 Ng6 9. Nb3 Bb6 10. Re1 {LiveBook: 7 Games} Bd7 11. Be3 $146 ({Predecessor:} 11. c3 Bc7 12. Bg5 Qc8 13. Bxg6 fxg6 {½-½ (31) Kosintseva,N (2535)-Batsiashvili,N (2438) Gaziantep 2012}) 11... Bc7 12. Bxg6 hxg6 13. Bd4 (13. Bf4 {keeps more tension.} Bb6 14. Qd3 Kf8 15. Bg5 Qc7 16. c3) 13... Nxd4 14. Nbxd4 Bb6 15. c3 Rc8 16. Qd2 Bc5 17. g3 Be7 18. h4 Rh5 19. Kg2 Qb6 20. Rh1 f6 21. Rae1 f5 22. Ng5 Bc5 23. Nh3 (23. Qe3 {looks sharper.} Kf8 24. b3 Qa6 25. a4 Be7 26. Nh3) 23... Bxd4 (23... Be7 $142) 24. cxd4 $16 Rc4 25. Rd1 a5 (25... Qb4 $16) 26. Nf4 Rh6 27. b3 Rb4 28. Qe3 a4 (28... Kf7 $16 29. Rd3 a4) 29. bxa4 Bxa4 30. Rd2 Kf7 31. Nd3 Rc4 32. Nf4 (32. Rb2 $16 Qa7 33. Rhb1) 32... Bc6 (32... Rb4 $1 $11 {keeps the balance.}) 33. h5 ({Better is} 33. Nh3 $16) 33... gxh5 34. Rxh5 {aiming for Qf3.} Qb1 35. Rxh6 gxh6 36. Nd3 (36. Ne2 $5 {[%cal Re3h6]} Qe4+ 37. Kh2 Qxe3 38. fxe3 $11) 36... Kg6 $2 {[%mdl 8192] [#]} (36... Rc3 $11 {and Black is okay.}) 37. Qf3 $2 (37. g4 $1 $18 {[%mdl 512] and the rest is easy.}) 37... Kg7 $2 {[%mdl 8192]} (37... Rxd4 $16 38. Nf4+ Rxf4 39. Qxf4 h5) 38. Rd1 $18 Qc2 39. Nf4 $2 (39. Rh1 {Intending Qf4 and mate.} Be8 40. Qf4) 39... Qe4 40. Nxe6+ Kf7 {[#]} 41. Nf4 (41. Nc5 $1 $18 {[%cal Rc5e4]} Qxf3+ 42. Kxf3) 41... Rc2 $16 42. Rh1 $36 {[%mdl 2048] White is on the roll.} Rd2 43. Rxh6 {Strongly threatening Ne6.} Rxd4 44. Ne6 Qxf3+ $2 (44... Rd3 $1 $14 45. Ng5+ Kg7 46. Nxe4 Rxf3 47. Rxc6 fxe4) 45. Kxf3 $14 {[%mdl 4096] Endgame KRB-KRN} Ra4 (45... Rc4 $142 46. Ng5+ Kg8) 46. Nd8+ $18 Kg7 47. Rd6 Be8 48. Rxd5 Rxa2 49. Ne6+ Kf7 50. Nd4 Ke7 51. Ke3 (51. Nxf5+ Ke6 $11) 51... Bd7 52. f3 Ra4 53. Rd6 Ra3+ (53... Ra6 {might work better.} 54. Rxa6 bxa6) 54. Kf4 Ra4 (54... Rc3 $142 55. Rg6 (55. Nxf5+ Bxf5 56. Kxf5 Rxf3+ 57. Kg4 Rb3 $16) 55... Rc4) 55. Kg5 Ra3 56. Rb6 Rd3 {[#]} 57. Rb4 $1 (57. Nxf5+ Bxf5 58. Kxf5 Rxf3+ 59. Kg4 Rf1) 57... Bc8 58. Kf4 ({Don't play} 58. Nxf5+ Bxf5 59. Kxf5 Rxf3+ 60. Kg4 Rf1) 58... Bd7 59. Rc4 Ra3 $2 (59... Kf7 $16 {was called for.} 60. Rb4 (60. Nxf5 Bxf5 61. Kxf5 Rxf3+ 62. Kg4 Rb3 $16) 60... b6) 60. Rc7 {Black must now prevent e6.} Ra4 $2 (60... Kd8) 61. e6 Rxd4+ 62. Ke5 Rd3 63. Rxd7+ {White mates.} Rxd7 64. exd7 Kxd7 65. Kxf5 {Precision: White = 67%, Black = 42%.} 1-0